| 000 | 00362nam a2200145Ia 4500 | ||
|---|---|---|---|
| 008 | 100122s9999 xx 000 0 und d | ||
| 082 |
_b1167 _a823 |
||
| 100 | _aWATSON FREDERICK | ||
| 245 | _aTHE UMPHRIES TOUCH | ||
| 260 |
_bCOLLINS CLEAR TYPE PRESS _c1920 |
||
| 300 | _a309 | ||
| 630 | _aTHE UMPHRIES TOUCH | ||
| 730 | _aTHE UMPHRIES TOUCH | ||
| 942 | _cBOOK | ||
| 999 |
_c442712 _d442709 |
||